[Event "FIDE Online Quarter final-2020"]
[Site "Online"]
[Date "2020.08.29"]
[Round "4.2"]
[White "Gumularz, Szymon"]
[Black "Asadli, Vugar"]
[Result "0-1"]
[WhiteElo "2442"]
[BlackElo "2350"]
[Annotator "ChessBase"]
[PlyCount "42"]
[EventDate "2020.08.28"]
[EventType "k.o."]
[SourceTitle "playchess.com"]
[Source "ChessBase"]
[SourceQuality "1"]
[TimeControl "900+5"]

1. d4 {[%emt 0:00:02]} d6 {[%emt 0:00:12]} 2. e4 {[%emt 0:05:18]} g6 {[%emt 0:00:06]} 3. c4 {[%emt 0:00:02]} Bg7 {[%emt 0:00:05]} 4. Nc3 {[%emt 0:00:03]} Nc6 {[%emt 0:00:08]} 5. Be3 {[%emt 0:00:04]} e5 {[%emt 0:00:01]} 6. d5 {[%emt 0:00:02]} Nce7 {[%emt 0:00:01]} 7. g4 {[%emt 0:00:02]} f5 {[%emt 0:00:04]} 8. gxf5 {[%emt 0:00:01]} gxf5 {[%emt 0:00:01]} 9. Qh5+ {[%emt 0:00:01]} Kf8 {[%emt 0:00:00]} 10. Bh3 {[%emt 0:00:03]} Nf6 {[%emt 0:00:12]} 11. Qf3 {[%emt 0:00:05]} f4 {[%emt 0:00:54]} 12. Bd2 {[%emt 0:00:04]} Ng6 {[%emt 0:00:13]} 13. Bxc8 {[%emt 0:00:03]} Qxc8 {[%emt 0:00:07]} 14. h4 {[%emt 0:00:03]} h5 {[%emt 0:00:28]} 15. O-O-O {[%emt 0:00:03]} a6 {[%emt 0:00:51]} 16. Qd3 {[%emt 0:00:09]} Rg8 {[%emt 0:00:25]} 17. Nf3 {[%emt 0:00:03]} c5 {[%emt 0:01:05]} 18. Ng5 {[%emt 0:00:00]} Ke7 {[%emt 0:00:20]} 19. Rdg1 {[%emt 0:00:00]} Bh6 {[%emt 0:00:20]} 20. Rg2 {[%emt 0:00:00]} Qd7 {[%emt 0:00:15]} 21. Rhg1 {[%emt 0:00:00]} Nxh4 {[%emt 0:00:10]} 0-1

[Event "FIDE Online Quarter final-2020"]
[Site "Online"]
[Date "2020.08.28"]
[Round "4.2"]
[White "Socko, Monika"]
[Black "Mammadzada, Gunay"]
[Result "0-1"]
[WhiteElo "2353"]
[BlackElo "2465"]
[Annotator "ChessBase"]
[PlyCount "130"]
[EventDate "2020.08.28"]
[EventType "k.o."]
[SourceTitle "playchess.com"]
[Source "ChessBase"]
[SourceQuality "1"]
[TimeControl "900+5"]

1. d4 {[%emt 0:00:01]} d5 {[%emt 0:00:02]} 2. c4 {[%emt 0:00:02]} c6 {[%emt 0:00:02]} 3. Nf3 {[%emt 0:00:01]} Nf6 {[%emt 0:00:03]} 4. Nbd2 {[%emt 0:00:02]} Bf5 {[%emt 0:00:02]} 5. Nh4 {[%emt 0:03:59]} Be4 {[%emt 0:00:04]} 6. e3 {[%emt 0:01:23]} e6 {[%emt 0:00:05]} 7. Be2 {[%emt 0:00:11]} h6 {[%emt 0:00:02]} 8. O-O {[%emt 0:00:06]} Bh7 {[%emt 0:00:02]} 9. Nhf3 {[%emt 0:00:05]} Nbd7 {[%emt 0:00:02]} 10. c5 {[%emt 0:00:14]} Qc7 {[%emt 0:02:40]} 11. b4 {[%emt 0:00:27]} Be7 {[%emt 0:02:25]} 12. Bb2 {[%emt 0:00:00]} O-O {[%emt 0:00:32]} 13. a4 {[%emt 0:00:00]} b6 {[%emt 0:00:11]} 14. Nb3 {[%emt 0:01:22]} bxc5 {[%emt 0:01:57]} 15. dxc5 {[%emt 0:00:04]} Rab8 {[%emt 0:00:02]} 16. b5 {[%emt 0:00:26]} Nxc5 {[%emt 0:01:58]} 17. Be5 {[%emt 0:00:14]} Bd6 {[%emt 0:00:26]} 18. Nxc5 {[%emt 0:00:39]} Bxe5 {[%emt 0:01:19]} 19. Na6 {[%emt 0:00:04]} Qd6 {[%emt 0:00:02]} 20. Nxe5 {[%emt 0:00:03]} Qxe5 {[%emt 0:00:03]} 21. Nxb8 {[%emt 0:00:01]} Rxb8 {[%emt 0:02:01]} 22. bxc6 {[%emt 0:00:05]} Ne4 {[%emt 0:00:02]} 23. Qd4 {[%emt 0:00:22]} Qc7 {[%emt 0:01:11]} 24. Rab1 {[%emt 0:00:53]} Rc8 {[%emt 0:01:39]} 25. Ba6 {[%emt 0:00:29]} Rd8 {[%emt 0:00:05]} 26. Rfc1 {[%emt 0:00:31]} e5 {[%emt 0:00:07]} 27. Qb4 {[%emt 0:01:02]} Nd6 {[%emt 0:00:02]} 28. Rb2 {[%emt 0:00:04]} Bf5 {[%emt 0:00:03]} 29. Qc5 {[%emt 0:00:35]} Be6 {[%emt 0:00:10]} 30. Bb7 {[%emt 0:00:13]} Nc4 {[%emt 0:00:05]} 31. Rb5 {[%emt 0:00:17]} e4 {[%emt 0:00:06]} 32. Qxa7 {[%emt 0:00:11]} d4 {[%emt 0:00:02]} 33. exd4 {[%emt 0:00:21]} Qf4 {[%emt 0:00:06]} 34. Rbb1 {[%emt 0:00:12]} e3 {[%emt 0:00:04]} 35. c7 {[%emt 0:00:32]} exf2+ {[%emt 0:00:04]} 36. Kh1 {[%emt 0:00:02]} Qxc7 {[%emt 0:00:03]} 37. d5 {[%emt 0:00:08]} Bxd5 {[%emt 0:00:04]} 38. Qxf2 {[%emt 0:00:31]} Bxb7 {[%emt 0:00:03]} 39. a5 {[%emt 0:00:07]} Rc8 {[%emt 0:00:10]} 40. h3 {[%emt 0:00:16]} Ba6 {[%emt 0:00:04]} 41. Rb6 {[%emt 0:00:08]} Bb7 {[%emt 0:00:08]} 42. Rxc4 {[%emt 0:00:12]} Qxc4 {[%emt 0:00:02]} 43. Rxb7 {[%emt 0:00:01]} Ra8 {[%emt 0:00:06]} 44. Qb6 {[%emt 0:00:17]} Qf1+ {[%emt 0:00:05]} 45. Kh2 {[%emt 0:00:03]} Qf4+ {[%emt 0:00:01]} 46. Kh1 {[%emt 0:00:01]} Qf1+ {[%emt 0:00:03]} 47. Kh2 {[%emt 0:00:01]} Qf4+ {[%emt 0:00:02]} 48. Kh1 {[%emt 0:00:02]} Rc8 {[%emt 0:00:09]} 49. Qg1 {[%emt 0:00:42]} Rc1 {[%emt 0:00:02]} 50. a6 {[%emt 0:00:01]} Rxg1+ {[%emt 0:00:07]} 51. Kxg1 {[%emt 0:00:01]} Qd4+ {[%emt 0:00:01]} 52. Kh1 {[%emt 0:00:04]} Qa1+ {[%emt 0:00:01]} 53. Kh2 {[%emt 0:00:02]} Qxa6 {[%emt 0:00:01]} 54. Rb8+ {[%emt 0:00:01]} Kh7 {[%emt 0:00:00]} 55. Re8 {[%emt 0:00:02]} Qd6+ {[%emt 0:00:02]} 56. Kh1 {[%emt 0:00:02]} f5 {[%emt 0:00:02]} 57. Re1 {[%emt 0:00:04]} g5 {[%emt 0:00:01]} 58. Rb1 {[%emt 0:00:04]} Kg6 {[%emt 0:00:01]} 59. Kg1 {[%emt 0:00:02]} f4 {[%emt 0:00:02]} 60. Rf1 {[%emt 0:00:06]} h5 {[%emt 0:00:01]} 61. Kh1 {[%emt 0:00:01]} g4 {[%emt 0:00:02]} 62. Kh2 {[%emt 0:00:03]} f3+ {[%emt 0:00:03]} 63. Kh1 {[%emt 0:00:02]} Qd2 {[%emt 0:00:22]} 64. gxf3 {[%emt 0:00:04]} g3 {[%emt 0:00:02]} 65. Rg1 {[%emt 0:00:04]} Qh2# {[%emt 0:00:02]} 0-1

[Event "FIDE Online Quarter final-2020"]
[Site "Online"]
[Date "2020.08.29"]
[Round "4.2"]
[White "Fataliyeva, Ulviyya"]
[Black "Cyfka, Karina"]
[Result "1-0"]
[WhiteElo "2337"]
[BlackElo "2232"]
[Annotator "ChessBase"]
[PlyCount "135"]
[EventDate "2020.08.28"]
[EventType "k.o."]
[SourceTitle "playchess.com"]
[Source "ChessBase"]
[SourceQuality "1"]
[TimeControl "900+5"]

1. d4 {[%emt 0:00:02]} Nf6 {[%emt 0:00:03]} 2. Bg5 {[%emt 0:00:02]} e6 {[%emt 0:03:39]} 3. e4 {[%emt 0:01:19]} h6 {[%emt 0:00:05]} 4. Bxf6 {[%emt 0:00:33]} Qxf6 {[%emt 0:00:02]} 5. Nf3 {[%emt 0:02:15]} Nc6 {[%emt 0:00:22]} 6. c3 {[%emt 0:00:27]} b6 {[%emt 0:00:06]} 7. Nbd2 {[%emt 0:00:41]} Bb7 {[%emt 0:00:05]} 8. Bd3 {[%emt 0:00:02]} g5 {[%emt 0:00:29]} 9. h3 {[%emt 0:00:30]} Bg7 {[%emt 0:00:00]} 10. Qe2 {[%emt 0:00:02]} Qe7 {[%emt 0:00:00]} 11. Ba6 {[%emt 0:00:13]} Bxa6 {[%emt 0:00:00]} 12. Qxa6 {[%emt 0:00:02]} O-O {[%emt 0:00:00]} 13. O-O-O {[%emt 0:00:27]} Rab8 {[%emt 0:00:00]} 14. Qd3 {[%emt 0:00:18]} b5 {[%emt 0:00:00]} 15. g4 {[%emt 0:01:38]} b4 {[%emt 0:00:00]} 16. c4 {[%emt 0:00:06]} b3 {[%emt 0:00:28]} 17. a3 {[%emt 0:00:41]} a5 {[%emt 0:00:19]} 18. h4 {[%emt 0:00:21]} gxh4 {[%emt 0:00:13]} 19. e5 {[%emt 0:01:32]} f6 {[%emt 0:00:43]} 20. Nxh4 {[%emt 0:00:07]} Qf7 {[%emt 0:00:13]} 21. f4 {[%emt 0:00:31]} d6 {[%emt 0:00:35]} 22. d5 {[%emt 0:01:10]} Ne7 {[%emt 0:00:20]} 23. f5 {[%emt 0:00:19]} exd5 {[%emt 0:00:13]} 24. e6 {[%emt 0:00:04]} Qe8 {[%emt 0:00:01]} 25. cxd5 {[%emt 0:00:24]} Rb5 {[%emt 0:00:47]} 26. Ne4 {[%emt 0:00:23]} Rxd5 {[%emt 0:00:36]} 27. Qxb3 {[%emt 0:00:25]} Re5 {[%emt 0:00:06]} 28. Nc3 {[%emt 0:00:42]} Kh7 {[%emt 0:01:27]} 29. Kb1 {[%emt 0:00:30]} Qa8 {[%emt 0:00:17]} 30. Rh3 {[%emt 0:00:22]} Rb8 {[%emt 0:00:05]} 31. Qc2 {[%emt 0:00:10]} Kg8 {[%emt 0:00:20]} 32. Rhd3 {[%emt 0:00:28]} Qb7 {[%emt 0:00:31]} 33. Qd2 {[%emt 0:00:36]} Qc6 {[%emt 0:00:38]} 34. Nf3 {[%emt 0:00:04]} Rc5 {[%emt 0:00:13]} 35. Nd4 {[%emt 0:00:01]} Qb7 {[%emt 0:00:09]} 36. Rc1 {[%emt 0:00:20]} Rc4 {[%emt 0:00:22]} 37. Nce2 {[%emt 0:00:08]} Rxc1+ {[%emt 0:00:18]} 38. Nxc1 {[%emt 0:00:05]} a4 {[%emt 0:00:16]} 39. Qe2 {[%emt 0:00:03]} Kh7 {[%emt 0:00:20]} 40. Rd2 {[%emt 0:00:03]} Nd5 {[%emt 0:00:05]} 41. Qd3 {[%emt 0:00:08]} Kg8 {[%emt 0:00:42]} 42. Nce2 {[%emt 0:00:02]} Nb6 {[%emt 0:00:16]} 43. Ng3 {[%emt 0:00:03]} Qd5 {[%emt 0:00:10]} 44. Nf3 {[%emt 0:00:08]} Qxd3+ {[%emt 0:00:10]} 45. Rxd3 {[%emt 0:00:01]} Nc4 {[%emt 0:00:01]} 46. Rc3 {[%emt 0:00:08]} d5 {[%emt 0:00:06]} 47. Kc1 {[%emt 0:00:01]} Bf8 {[%emt 0:00:17]} 48. Nh5 {[%emt 0:00:01]} Be7 {[%emt 0:00:07]} 49. Nd4 {[%emt 0:00:07]} Rb6 {[%emt 0:00:13]} 50. Nf4 {[%emt 0:00:03]} c6 {[%emt 0:00:05]} 51. Ng6 {[%emt 0:00:02]} Bc5 {[%emt 0:00:15]} 52. Nc2 {[%emt 0:00:14]} Nxb2 {[%emt 0:00:31]} 53. Rh3 {[%emt 0:00:11]} d4 {[%emt 0:01:01]} 54. e7 {[%emt 0:00:01]} Kf7 {[%emt 0:00:16]} 55. Rxh6 {[%emt 0:00:01]} Bxe7 {[%emt 0:00:38]} 56. Rh7+ {[%emt 0:00:01]} Kg8 {[%emt 0:00:02]} 57. Rxe7 {[%emt 0:00:02]} d3 {[%emt 0:00:02]} 58. Nb4 {[%emt 0:00:03]} Nc4 {[%emt 0:00:03]} 59. Nxd3 {[%emt 0:00:08]} Nxa3 {[%emt 0:00:05]} 60. Ra7 {[%emt 0:00:04]} Rb1+ {[%emt 0:00:04]} 61. Kd2 {[%emt 0:00:01]} Nc4+ {[%emt 0:00:02]} 62. Kc3 {[%emt 0:00:05]} Nb6 {[%emt 0:00:01]} 63. Ndf4 {[%emt 0:00:11]} Rb3+ {[%emt 0:00:05]} 64. Kc2 {[%emt 0:00:03]} Rg3 {[%emt 0:00:02]} 65. Ne6 {[%emt 0:00:02]} Rg2+ {[%emt 0:00:05]} 66. Kd3 {[%emt 0:00:04]} Rg3+ {[%emt 0:00:03]} 67. Ke2 {[%emt 0:00:03]} Rxg4 {[%emt 0:00:09]} 68. Rg7# {[%emt 0:00:03]} 1-0

[Event "FIDE Online Quarter final-2020"]
[Site "Online"]
[Date "2020.08.29"]
[Round "4.2"]
[White "Osmak, Iulija"]
[Black "Zatonskih, Anna"]
[Result "1/2-1/2"]
[WhiteElo "2317"]
[BlackElo "2396"]
[Annotator "ChessBase"]
[PlyCount "52"]
[EventDate "2020.08.28"]
[EventType "k.o."]
[SourceTitle "playchess.com"]
[Source "ChessBase"]
[SourceQuality "1"]
[TimeControl "900+5"]

1. d4 {[%emt 0:00:01]} d5 {[%emt 0:00:04]} 2. Bf4 {[%emt 0:00:01]} Nf6 {[%emt 0:00:33]} 3. e3 {[%emt 0:00:02]} e6 {[%emt 0:00:02]} 4. Nd2 {[%emt 0:00:05]} Bd6 {[%emt 0:00:08]} 5. Ngf3 {[%emt 0:00:05]} Bxf4 {[%emt 0:01:21]} 6. exf4 {[%emt 0:00:01]} O-O {[%emt 0:00:01]} 7. Bd3 {[%emt 0:00:05]} b6 {[%emt 0:00:02]} 8. Qe2 {[%emt 0:00:08]} a5 {[%emt 0:00:08]} 9. O-O {[%emt 0:01:08]} Ba6 {[%emt 0:00:03]} 10. Bxa6 {[%emt 0:00:05]} Nxa6 {[%emt 0:00:02]} 11. c3 {[%emt 0:00:09]} Qd6 {[%emt 0:02:44]} 12. Ne5 {[%emt 0:00:40]} c5 {[%emt 0:00:22]} 13. Rac1 {[%emt 0:00:48]} Rfc8 {[%emt 0:00:30]} 14. Ndf3 {[%emt 0:01:31]} Ne4 {[%emt 0:00:25]} 15. g3 {[%emt 0:02:30]} h6 {[%emt 0:01:29]} 16. Rfd1 {[%emt 0:00:11]} cxd4 {[%emt 0:03:28]} 17. cxd4 {[%emt 0:02:47]} Nb4 {[%emt 0:00:19]} 18. a3 {[%emt 0:00:05]} Nc6 {[%emt 0:00:03]} 19. Qb5 {[%emt 0:02:59]} Nxe5 {[%emt 0:00:26]} 20. Nxe5 {[%emt 0:00:57]} Rc7 {[%emt 0:01:47]} 21. Nd3 {[%emt 0:01:27]} Rac8 {[%emt 0:00:45]} 22. Rxc7 {[%emt 0:00:24]} Rxc7 {[%emt 0:00:03]} 23. Qe8+ {[%emt 0:00:13]} Qf8 {[%emt 0:00:17]} 24. Qb5 {[%emt 0:00:03]} Qd6 {[%emt 0:00:30]} 25. Qe8+ {[%emt 0:00:13]} Qf8 {[%emt 0:00:02]} 26. Qb5 {[%emt 0:00:13]} Qd6 {[%emt 0:00:18]} 1/2-1/2

[Event "FIDE Online Quarter final-2020"]
[Site "Online"]
[Date "2020.08.29"]
[Round "4.2"]
[White "Wang, Annie"]
[Black "Shpanko, Nadiia"]
[Result "1-0"]
[WhiteElo "2287"]
[BlackElo "2183"]
[Annotator "ChessBase"]
[PlyCount "107"]
[EventDate "2020.08.28"]
[EventType "k.o."]
[SourceTitle "playchess.com"]
[Source "ChessBase"]
[SourceQuality "1"]
[TimeControl "900+5"]

1. d4 {[%emt 0:00:01]} Nf6 {[%emt 0:00:01]} 2. c4 {[%emt 0:00:01]} e6 {[%emt 0:00:03]} 3. Nf3 {[%emt 0:00:10]} d5 {[%emt 0:00:02]} 4. Nc3 {[%emt 0:00:03]} Bb4 {[%emt 0:00:02]} 5. Bg5 {[%emt 0:00:03]} h6 {[%emt 0:00:20]} 6. Bxf6 {[%emt 0:00:02]} Qxf6 {[%emt 0:00:01]} 7. e3 {[%emt 0:00:04]} O-O {[%emt 0:00:04]} 8. Rc1 {[%emt 0:00:01]} c6 {[%emt 0:01:55]} 9. Be2 {[%emt 0:00:15]} Nd7 {[%emt 0:00:11]} 10. O-O {[%emt 0:00:03]} dxc4 {[%emt 0:00:17]} 11. Bxc4 {[%emt 0:00:03]} e5 {[%emt 0:00:08]} 12. Ne4 {[%emt 0:00:42]} Qg6 {[%emt 0:00:43]} 13. Bd3 {[%emt 0:01:22]} exd4 {[%emt 0:00:30]} 14. Nxd4 {[%emt 0:00:32]} Ne5 {[%emt 0:00:15]} 15. Bb1 {[%emt 0:00:04]} Qg4 {[%emt 0:01:04]} 16. Qxg4 {[%emt 0:00:46]} Bxg4 {[%emt 0:00:07]} 17. h3 {[%emt 0:00:21]} Bd7 {[%emt 0:00:56]} 18. Nc5 {[%emt 0:01:18]} Bxc5 {[%emt 0:01:07]} 19. Rxc5 {[%emt 0:00:02]} Rfe8 {[%emt 0:00:08]} 20. Rd1 {[%emt 0:00:33]} b6 {[%emt 0:00:13]} 21. Rcc1 {[%emt 0:00:03]} c5 {[%emt 0:00:02]} 22. Nf5 {[%emt 0:00:09]} Red8 {[%emt 0:02:00]} 23. f4 {[%emt 0:02:15]} Nc6 {[%emt 0:01:11]} 24. Nd6 {[%emt 0:00:39]} Rab8 {[%emt 0:00:35]} 25. Be4 {[%emt 0:00:29]} Kf8 {[%emt 0:00:19]} 26. Rd2 {[%emt 0:00:08]} Na5 {[%emt 0:00:58]} 27. Rcd1 {[%emt 0:00:57]} Bc6 {[%emt 0:00:29]} 28. Bc2 {[%emt 0:00:38]} Nb7 {[%emt 0:00:14]} 29. e4 {[%emt 0:00:23]} Nxd6 {[%emt 0:00:16]} 30. Rxd6 {[%emt 0:00:02]} Rxd6 {[%emt 0:00:02]} 31. Rxd6 {[%emt 0:00:01]} Be8 {[%emt 0:00:21]} 32. Kf2 {[%emt 0:00:49]} Ke7 {[%emt 0:00:03]} 33. Rd2 {[%emt 0:00:22]} Rd8 {[%emt 0:00:12]} 34. Rxd8 {[%emt 0:00:10]} Kxd8 {[%emt 0:00:00]} 35. e5 {[%emt 0:00:00]} Bc6 {[%emt 0:00:07]} 36. g4 {[%emt 0:00:05]} Bd5 {[%emt 0:00:12]} 37. b3 {[%emt 0:00:04]} f6 {[%emt 0:00:14]} 38. exf6 {[%emt 0:00:12]} gxf6 {[%emt 0:00:02]} 39. Ke3 {[%emt 0:00:04]} Ke7 {[%emt 0:00:10]} 40. h4 {[%emt 0:00:17]} Kd6 {[%emt 0:00:41]} 41. Bd3 {[%emt 0:00:45]} Be6 {[%emt 0:00:09]} 42. f5 {[%emt 0:00:06]} Bd5 {[%emt 0:00:46]} 43. Kf4 {[%emt 0:00:03]} Ke7 {[%emt 0:00:59]} 44. g5 {[%emt 0:00:23]} hxg5+ {[%emt 0:00:03]} 45. hxg5 {[%emt 0:00:01]} a5 {[%emt 0:00:09]} 46. g6 {[%emt 0:00:18]} a4 {[%emt 0:00:03]} 47. Bc4 {[%emt 0:00:36]} axb3 {[%emt 0:00:12]} 48. Bxd5 {[%emt 0:00:16]} b2 {[%emt 0:00:02]} 49. Be4 {[%emt 0:00:01]} c4 {[%emt 0:00:02]} 50. Ke3 {[%emt 0:00:09]} c3 {[%emt 0:00:09]} 51. Bc2 {[%emt 0:00:03]} b5 {[%emt 0:00:03]} 52. a3 {[%emt 0:00:04]} Kf8 {[%emt 0:00:09]} 53. Kd3 {[%emt 0:00:02]} Kg7 {[%emt 0:00:01]} 54. Kxc3 {[%emt 0:00:00]} 1-0

[Event "FIDE Online Quarter final-2020"]
[Site "Online"]
[Date "2020.08.28"]
[Round "4.2"]
[White "Abrahamyan, Tatev"]
[Black "Gaponenko, Inna"]
[Result "0-1"]
[WhiteElo "2245"]
[BlackElo "2330"]
[Annotator "NA"]
[PlyCount "98"]
[EventDate "2020.08.28"]
[EventType "k.o."]
[SourceTitle "playchess.com"]
[Source "ChessBase"]
[SourceQuality "1"]
[TimeControl "900+5"]

1. e4 {[%emt 0:00:01]} c5 {[%emt 0:00:02]} 2. Nf3 {[%emt 0:00:02]} Nc6 {[%emt 0:00:02]} 3. d4 {[%emt 0:00:04]} cxd4 {[%emt 0:00:02]} 4. Nxd4 {[%emt 0:00:02]} g6 {[%emt 0:00:02]} 5. Nc3 {[%emt 0:00:12]} Bg7 {[%emt 0:00:03]} 6. Be3 {[%emt 0:00:01]} Nf6 {[%emt 0:00:01]} 7. Bc4 {[%emt 0:00:05]} O-O {[%emt 0:00:03]} 8. Bb3 {[%emt 0:00:02]} d6 {[%emt 0:00:01]} 9. f3 {[%emt 0:00:03]} Bd7 {[%emt 0:00:02]} 10. h4 {[%emt 0:00:01]} Qa5 {[%emt 0:00:04]} 11. Qd2 {[%emt 0:01:05]} Rfc8 {[%emt 0:00:03]} 12. h5 {[%emt 0:01:36]} Nxh5 {[%emt 0:00:05]} 13. g4 {[%emt 0:00:05]} Nf6 {[%emt 0:00:02]} 14. O-O-O {[%emt 0:00:02]} Ne5 {[%emt 0:00:04]} 15. Bh6 {[%emt 0:02:48]} Bxh6 {[%emt 0:00:20]} 16. Rxh6 {[%emt 0:00:40]} Rxc3 {[%emt 0:00:04]} 17. Qxc3 {[%emt 0:00:40]} Qxc3 {[%emt 0:00:03]} 18. bxc3 {[%emt 0:00:00]} Rc8 {[%emt 0:02:32]} 19. Kb2 {[%emt 0:00:05]} Kg7 {[%emt 0:00:59]} 20. Rh2 {[%emt 0:00:12]} a5 {[%emt 0:01:07]} 21. a4 {[%emt 0:00:45]} Be8 {[%emt 0:01:24]} 22. g5 {[%emt 0:00:54]} Nh5 {[%emt 0:00:04]} 23. Rdh1 {[%emt 0:00:41]} Bd7 {[%emt 0:02:25]} 24. Rh4 {[%emt 0:01:34]} Nc4+ {[%emt 0:02:55]} 25. Kc1 {[%emt 0:00:33]} Ne5 {[%emt 0:00:48]} 26. f4 {[%emt 0:00:24]} Ng4 {[%emt 0:00:08]} 27. f5 {[%emt 0:01:45]} Ne5 {[%emt 0:00:53]} 28. Kb2 {[%emt 0:00:06]} f6 {[%emt 0:01:05]} 29. gxf6+ {[%emt 0:00:27]} Nxf6 {[%emt 0:00:04]} 30. Be6 {[%emt 0:00:14]} h5 {[%emt 0:01:01]} 31. Bxd7 {[%emt 0:00:16]} Nexd7 {[%emt 0:00:07]} 32. Ne6+ {[%emt 0:00:29]} Kf7 {[%emt 0:00:02]} 33. Rg1 {[%emt 0:00:11]} Ne5 {[%emt 0:00:09]} 34. Rh3 {[%emt 0:00:28]} Nxe4 {[%emt 0:00:24]} 35. Ng5+ {[%emt 0:00:03]} Nxg5 {[%emt 0:00:02]} 36. Rxg5 {[%emt 0:00:03]} Kf6 {[%emt 0:00:03]} 37. Rhg3 {[%emt 0:00:05]} gxf5 {[%emt 0:00:05]} 38. Rxh5 {[%emt 0:00:02]} f4 {[%emt 0:00:02]} 39. Rg1 {[%emt 0:00:08]} f3 {[%emt 0:00:06]} 40. Rf1 {[%emt 0:00:07]} Rc4 {[%emt 0:00:05]} 41. Kb3 {[%emt 0:00:11]} Rf4 {[%emt 0:00:04]} 42. Rh8 {[%emt 0:00:02]} Kf7 {[%emt 0:00:03]} 43. Rh7+ {[%emt 0:00:20]} Ke6 {[%emt 0:00:03]} 44. Rh8 {[%emt 0:00:04]} f2 {[%emt 0:00:10]} 45. Rh2 {[%emt 0:00:08]} Ng4 {[%emt 0:00:02]} 46. Rg2 {[%emt 0:00:01]} Kf5 {[%emt 0:00:02]} 47. c4 {[%emt 0:00:06]} e5 {[%emt 0:00:02]} 48. Kc3 {[%emt 0:00:02]} Ne3 {[%emt 0:00:07]} 49. Rfxf2 {[%emt 0:00:05]} Nd1+ {[%emt 0:00:03]} 0-1

[Event "FIDE Online Quarter final-2020"]
[Site "Online"]
[Date "2020.08.29"]
[Round "4.2"]
[White "Balajayeva, Khanim"]
[Black "Sliwicka, Alicja"]
[Result "0-1"]
[WhiteElo "2202"]
[BlackElo "2158"]
[Annotator "ChessBase"]
[PlyCount "98"]
[EventDate "2020.08.28"]
[EventType "k.o."]
[SourceTitle "playchess.com"]
[Source "ChessBase"]
[SourceQuality "1"]
[TimeControl "900+5"]

1. e4 {[%emt 0:00:01]} c5 {[%emt 0:02:30]} 2. Nf3 {[%emt 0:00:02]} d6 {[%emt 0:00:58]} 3. c3 {[%emt 0:00:03]} Nf6 {[%emt 0:00:21]} 4. Bd3 {[%emt 0:00:02]} Bg4 {[%emt 0:02:14]} 5. Bc2 {[%emt 0:00:20]} Nc6 {[%emt 0:00:16]} 6. h3 {[%emt 0:00:05]} Bh5 {[%emt 0:00:06]} 7. d3 {[%emt 0:00:25]} e6 {[%emt 0:00:06]} 8. Nbd2 {[%emt 0:00:33]} Be7 {[%emt 0:00:07]} 9. Nf1 {[%emt 0:00:06]} d5 {[%emt 0:00:17]} 10. Ng3 {[%emt 0:01:03]} Bxf3 {[%emt 0:00:00]} 11. Qxf3 {[%emt 0:00:04]} Ne5 {[%emt 0:00:00]} 12. Qe2 {[%emt 0:00:12]} dxe4 {[%emt 0:00:00]} 13. dxe4 {[%emt 0:00:15]} h5 {[%emt 0:00:35]} 14. Ba4+ {[%emt 0:01:03]} Kf8 {[%emt 0:01:14]} 15. Bc2 {[%emt 0:01:07]} c4 {[%emt 0:00:29]} 16. O-O {[%emt 0:00:25]} h4 {[%emt 0:00:13]} 17. Rd1 {[%emt 0:00:25]} Qc7 {[%emt 0:00:30]} 18. Nf1 {[%emt 0:00:06]} Ng6 {[%emt 0:00:17]} 19. a4 {[%emt 0:00:37]} Rc8 {[%emt 0:00:07]} 20. a5 {[%emt 0:00:38]} Rh5 {[%emt 0:00:23]} 21. a6 {[%emt 0:00:21]} b6 {[%emt 0:00:06]} 22. Be3 {[%emt 0:00:28]} Bd6 {[%emt 0:00:33]} 23. Rd4 {[%emt 0:01:02]} Be5 {[%emt 0:00:11]} 24. Rd2 {[%emt 0:00:30]} Nf4 {[%emt 0:00:07]} 25. Bxf4 {[%emt 0:00:19]} Bxf4 {[%emt 0:00:01]} 26. Ne3 {[%emt 0:00:04]} Rc5 {[%emt 0:00:14]} 27. Rad1 {[%emt 0:00:21]} Qe7 {[%emt 0:00:58]} 28. Qf3 {[%emt 0:00:37]} g5 {[%emt 0:00:41]} 29. Rd4 {[%emt 0:00:23]} Kg7 {[%emt 0:00:38]} 30. Ng4 {[%emt 0:00:10]} R5c7 {[%emt 0:00:25]} 31. Nxf6 {[%emt 0:02:46]} Qxf6 {[%emt 0:00:00]} 32. Qg4 {[%emt 0:00:13]} Qe5 {[%emt 0:00:38]} 33. Rd8 {[%emt 0:00:22]} Qf6 {[%emt 0:00:45]} 34. Rxc8 {[%emt 0:00:21]} Rxc8 {[%emt 0:00:00]} 35. Qe2 {[%emt 0:00:01]} b5 {[%emt 0:00:30]} 36. Rd7 {[%emt 0:00:55]} Rc7 {[%emt 0:00:03]} 37. Qd1 {[%emt 0:00:04]} Be5 {[%emt 0:00:30]} 38. Rd8 {[%emt 0:00:30]} b4 {[%emt 0:00:21]} 39. cxb4 {[%emt 0:00:03]} Bxb2 {[%emt 0:00:08]} 40. b5 {[%emt 0:00:15]} Be5 {[%emt 0:00:06]} 41. Kf1 {[%emt 0:00:29]} c3 {[%emt 0:00:03]} 42. Ra8 {[%emt 0:00:09]} Bd4 {[%emt 0:00:06]} 43. Qe2 {[%emt 0:00:06]} Rd7 {[%emt 0:00:10]} 44. e5 {[%emt 0:00:06]} Qf4 {[%emt 0:00:11]} 45. f3 {[%emt 0:00:18]} Qc1+ {[%emt 0:00:03]} 46. Qd1 {[%emt 0:00:01]} Qe3 {[%emt 0:00:04]} 47. Qe1 {[%emt 0:00:03]} Qg1+ {[%emt 0:00:02]} 48. Ke2 {[%emt 0:00:01]} Qxg2+ {[%emt 0:00:02]} 49. Kd3 {[%emt 0:00:06]} Bf2+ {[%emt 0:00:02]} 0-1